000 00511cam a2200205ua 4500
001 5668
008 160627n II |||gr||||Z||||||eng
040 _aMAIN
041 _aEnglish
082 _a530 SHA
100 _aSHARMA, DILIP.
245 _aMODERN APPROACH TO PHYSICS (FOR HS CLASS XI)
260 _aNEW DELHI:
_bKALYANI PUB.,
_c2000.
300 _a(1--P.):
_c23CM.
653 _aPhysics
700 _aSHARMA, DILIP.,
_eAuthor.
700 _aCHACRAVARTY, N.G.
700 _aSHARMA, K.N.
942 _cBK
999 _c5653
_d5653